000 00467nam a2200145Ia 4500
008 100204s9999 xx 000 0 und d
082 _b1893
100 _aइनामदार ना.स.
245 _aमंत्रावेगळा
260 _bकॉन्टिनेन्टल प्रकाशन पुणे
_c1979
300 _a559
630 _aमंत्रावेगळा
730 _aमंत्रावेगळा
942 _cBOOK
999 _c447045
_d447042